Statistics for Your Needs, My Needs by Noah Kahan - Lyrics Quiz

Click here to take the quiz!

General Stats

  • This quiz has been taken 65 times
  • The average score is 150 of 184

Answer Stats

Answer% Correct
a
98%
you
98%
i?
95%
i
95%
my
95%
to
95%
your
95%
and
93%
needs
93%
the
93%
me
88%
was
88%
who
88%
dreams
85%
in
85%
out
85%
it
83%
of
83%
oh
83%
am
80%
art
80%
friend
80%
ghost
80%
light
80%
see
80%
tell
80%
that
80%
what
80%
why
80%
work
80%
after
78%
ain't
78%
be
78%
breath
78%
change
78%
hardest
78%
like
78%
moon
78%
our
78%
part
78%
spiral
78%
that's
78%
try
78%
wasn't
78%
watch
78%
1:32
76%
always
76%
gotta
76%
holdin'
76%
means
76%
naming
76%
saying
76%
sky
76%
stars
76%
word
76%
Zoloft
76%
asked
73%
days
73%
float
73%
i'm
73%
life
73%
on
73%
subtle
73%
well
73%
were
73%
dogs
71%
pain
71%
shorter
71%
drunk
68%
flower
68%
howlin'
68%
rail-thin
68%
skin
68%
wilt?
68%
you'll
68%
dead
66%
mind
66%
bitter-brained
63%
outlines
63%
it's
61%
time
61%
trace
61%
weight
61%
all
59%
line
59%
there
59%
this
59%
county
56%
same
56%
game
54%
touch
54%
waiting
54%
losing
51%
promised
51%
across
46%
alright?
41%
mm
34%

Score Distribution

Percentile by Number Answered

Percent of People with Each Score

Your Score History

You have not taken this quiz